| 000 | 00590nam a2200205Ia 4500 | ||
|---|---|---|---|
| 005 | 20250508154012.0 | ||
| 008 | 008 250505s9999 xx 000 0 eng d | ||
| 037 | _aTextual | ||
| 040 |
_aFEDL _beng _cFEDL |
||
| 041 |
_aeng _2eng |
||
| 084 |
_a170, VON _qFEDL |
||
| 100 | _aVon Wright Georg Henrik | ||
| 245 | 0 | _aVarieties of goodness | |
| 260 |
_aLondon, UK _bRoutledge and Kegan Paul _c1963 |
||
| 300 | _axiv,222p | ||
| 490 | _aInternational library of philosophy and scientific method | ||
| 650 | _aEthics | ||
| 942 |
_cTEXL _h170, VON |
||
| 999 |
_c1346957 _d1346957 |
||